Biblioteca ESET

Rafaela (Registro nro. 682)

Detalles MARC
000 -CABECERA
fixed length control field 00890nam a2200289Ia 4500
003 - CONTROL NUMBER IDENTIFIER
control field AR-BeUNQ
005 - FECHA Y HORA DE LA ULTIMA TRANSACCION
control field 20251209142112.0
008 - ELEMENTOS DE LONGITUD FIJA-INFORMACION GENERAL
fixed length control field 221202s9999 xx 000 0 und d
020 ## - NUMERO INTERNACIONAL NORMALIZADO PARA LIBROS
Número Internacional Normalizado del libro 9789871098194
040 ## - FUENTE DE CATALOGACION
Agencia de catalogación original AR-BeUNQ
Idioma de catalogación ESPAÑOL
Convenciones de la descripción aacr
Agencia que realiza la transcripción AR-BeUNQ
100 01 - ASIENTO PRINCIPAL-NOMBRE PERSONAL
Nombre personal Furiase, Mariana.
Término relacionador aut.
Títulos u otras palabras asociadas al nombre autor.
245 #0 - MENCION DE TITULO
Título Rafaela
250 ## - MENCION DE EDICION
Mención de edición 1a ed.
260 ## - PUBLICACION, DISTRIBUCION, ETC.
Lugar de publicación, distribución, etc. Buenos Aires
Nombre del editor, distribuidor, etc. SM
Fecha de publicación, distribución, etc 2014
300 ## - DESCRIPCION FISICA
Extensión 128 p. ;
Otros detalles físicos il. ;
Dimensiones 19 x 12 cm
490 ## - MENCION DE SERIE
Mención de serie El Barco de Vapor; Roja, 1
500 ## - NOTA GENERAL
Nota general Novela juvenil.
521 ## - NOTA DE AUDIENCIA
Nota de audiencia infanto juvenil
546 ## - NOTA DE IDIOMA
Nota de idioma Español
653 ## - TERMINO DE INDIZACION - NO CONTROLADO
Término de indización no controlado Literatura
653 ## - TERMINO DE INDIZACION - NO CONTROLADO
Término de indización no controlado Narrativa argentina
700 ## - ASIENTO SECUNDARIO - NOMBRE DE PERSONA
Personal name Mazzalomo, Lidia
929 01 - DATOS DE ADQUISICION
Procedencia DONACION
Proveedor Campaña UNQ 2022
Fecha de recibido 2022
Precio 0
Patrimonio UNQ PAT0081618
Orden de compra 0
Fecha de baja 58554
Es copia 1
929 01 - DATOS DE ADQUISICION
Procedencia DONACION
Proveedor Campaña UNQ 2022
Fecha de recibido 2022
Precio 0
Patrimonio UNQ PAT0083418
Número de inventario 59617
Es copia 2
929 01 - DATOS DE ADQUISICION
Procedencia DONACION
Proveedor Campaña UNQ 2022
Fecha de recibido 2022
Patrimonio UNQ PAT0083419
Orden de compra 0
Número de inventario 60207
Es copia 3
942 ## - ELEMENTOS DE PUNTO DE ACCESO ADICIONAL (KOHA)
Tipo de ítem Koha Libros
Suppress in OPAC 0
Existencias
Estado de retiro Estado de pérdida Ubicación permanente Ubicación actual Ubicación en estantería Fecha de ingreso Signatura topográfica completa Inventario Date last seen Número de copia Tipo de ítem Koha Operador Total Checkouts
    Biblioteca ESET - UNQ Biblioteca ESET - UNQ CIRCULACION 02/12/2022 863 FUR 60207 02/12/2022 1 Libros Gladys Alarcon  
    Biblioteca ESET - UNQ Biblioteca ESET - UNQ CIRCULACION 09/12/2025 863 FUR   09/12/2025 2 Libros Gladys Alarcon  

ESET UNQ

☏ 4365-7188
 Avenida República de Francia 1714 entre Doctor Kenny y Concordia, Ezpeleta, Bs As.
✉ secretaria_eset@unq.edu.ar

Con tecnología Koha